Skip to main content
Your cart is empty.
Your lists
Log in to create your own lists
Your cookies
العربية
English
العربية
Home
Search
Advanced search
Authority search
About
The noble scholar, jurist, historian
His Excellency Dr. Abdul Wahhab bin Ibrahim Abu Sulaiman, may Allah have mercy on him.
He was born in Umm Al-Qura in the year 1356 AH.
Library catalog
Title
Author
Subject
ISBN
ISSN
Series
Call number
Log in to your account
×
Login:
Password:
Home
MARC view: التطور الكمي للتعليم الأهلي بالمدارس الأهلية الحالية منذ تأسيسها وحتى العام الدراسي 1421 هـ بمكة المكرمة /
Normal view
MARC view
ISBD view
التطور الكمي للتعليم الأهلي بالمدارس الأهلية الحالية منذ تأسيسها وحتى العام الدراسي 1421 هـ بمكة المكرمة / (Record no. 14720)
[
view plain
]
MARC details
000 -LEADER
fixed length control field
01395cam a22002771i 4500
003 - CONTROL NUMBER IDENTIFIER
control field
SA-RiAUC
005 - DATE AND TIME OF LATEST TRANSACTION
control field
20260405132739.0
008 - FIXED-LENGTH DATA ELEMENTS--GENERAL INFORMATION
fixed length control field
260330s1998 ku g f00010 ara c
040 ## - CATALOGING SOURCE
Original cataloging agency
SA-JeALM
Language of cataloging
ara
Transcribing agency
SA-RiAUC.
Description conventions
rda
043 ## - GEOGRAPHIC AREA CODE
Geographic area code
a-ku---
082 04 - DEWEY DECIMAL CLASSIFICATION NUMBER
Classification number
370.9538
Assigning agency
SA-RiAUC
090 ## - LOCALLY ASSIGNED LC-TYPE CALL NUMBER (OCLC); LOCAL CALL NUMBER (RLIN)
Classification number (OCLC) (R) ; Classification number, CALL (RLIN) (NR)
370.9538
Local cutter number (OCLC) ; Book number/undivided call number, CALL (RLIN)
ز م ز
100 ## - MAIN ENTRY--PERSONAL NAME
Personal name
الزمزمي، خيرية ناجي.
Relator term
مؤلف.
245 02 - TITLE STATEMENT
Title
التطور الكمي للتعليم الأهلي بالمدارس الأهلية الحالية منذ تأسيسها وحتى العام الدراسي 1421 هـ بمكة المكرمة /
Statement of responsibility, etc.
اعداد خيرية ناجي الزمزمي ، عالية ناصر الكريمي ، عفاف حسين الوعل .
264 #1 - PRODUCTION, PUBLICATION, DISTRIBUTION, MANUFACTURE, AND COPYRIGHT NOTICE
Place of production, publication, distribution, manufacture
( مكة المكرمة ) :
Name of producer, publisher, distributor, manufacturer
الرئاسة العامة لتعليم البنات بمكة المكرمة.
Date of production, publication, distribution, manufacture, or copyright notice
[بين 2001 و 2010]
300 ## - PHYSICAL DESCRIPTION
Extent
50 صفحة ؛
Other physical details
إيضاحيات ؛
Dimensions
22 سم.
336 ## - CONTENT TYPE
Content type term
نص
Content type code
txt
Source
rdacontent
Materials specified
كتاب
337 ## - MEDIA TYPE
Media type term
بدون وسيط
Media type code
n
Source
rdamedia
650 #7 - SUBJECT ADDED ENTRY--TOPICAL TERM
Topical term or geographic name entry element
التعليم
General subdivision
تاريخ
Geographic subdivision
السعودية
Source of heading or term
aucsh
650 ## - SUBJECT ADDED ENTRY--TOPICAL TERM
Topical term or geographic name entry element
التعليم الأهلي
Geographic subdivision
السعودية
650 ## - SUBJECT ADDED ENTRY--TOPICAL TERM
Topical term or geographic name entry element
تعليم البنات
General subdivision
تاريخ
Geographic subdivision
السعودية
700 ## - ADDED ENTRY--PERSONAL NAME
Personal name
الكريمي، عالية ناصر
Relator term
مؤلف.
700 ## - ADDED ENTRY--PERSONAL NAME
Personal name
الوعل، عفاف حسين
Relator term
مؤلف.
942 ## - ADDED ENTRY ELEMENTS (KOHA)
Source of classification or shelving scheme
Dewey Decimal Classification
Koha item type
Books
Suppress in OPAC
No
949 ## - LOCAL PROCESSING INFORMATION (OCLC)
a
SA-JeALM
d
260330
u
osman123
n
1
Holdings
Withdrawn status
Lost status
Source of classification or shelving scheme
Damaged status
Not for loan
Home library
Current library
Date acquired
Total checkouts
Full call number
Barcode
Date last seen
Price effective from
Koha item type
Dewey Decimal Classification
DR AbdElwahab Library
DR AbdElwahab Library
04/05/2026
370.9538 ز م ز
000023262
04/05/2026
04/05/2026
Books
Place hold
Print
Add to your cart
(remove)
Save record
BIBTEX
Dublin Core
MARCXML
MARC (non-Unicode/MARC-8)
MARC (Unicode/UTF-8)
MARC (Unicode/UTF-8, Standard)
MODS (XML)
RIS
ISBD
More searches
Search for this title in:
Other Libraries (WorldCat)
Other Databases (Google Scholar)
Online Stores (Bookfinder.com)
Open Library (openlibrary.org)
Exporting to Dublin Core...
×
Simple DC-RDF
OAI-DC
SRW-DC